LEADER 01097nam a2200265 a 4500 001 000000141842 003 CaOOAMICUS 005 20150217135637.0 008 150217s2006 it abfe u000 u ita r 040 $aPUL$bita 100 1 $aStaccioli, Romolo Augusto.$0(OLS)http://pul/name/14313 245 14$aGli etruschi :$bun popolo tra mito e realtà /$cRomolo Augusto Staccioli. 250 $aNuova ed. riv. e ampliata. 260 $aRoma :$bNewton Compton,$c2006. 300 $a248 p., [32] c. di tav. : ill. :$bill., c. geogr., piante ;$c24 cm 490 1 $aGrandi civiltà 504 $aInclude riferimenti bibliografici. 650 4$aEtruschi$xStoria.$0(OLS)http://pul/subject/36001 830 0$aGrandi civiltà.$0(OLS)http://pul/title/18570 850 $aPUL 852 $aPUL$W1$xDP1 Fondo Capitani$y116$m10 A 10$j46470$qFondi$B163710$CPULBib$Z2$F163710 $HCap2104 $82 941 1 $a1 996 $6245$aGli etruschi :$bun popolo tra mito e realtà$9(OLS)http://pul/title/179525 996 $6260$aRoma :$bNewton Compton$9(OLS)http://pul/publisher/50757 LEADER 01317nam a2200265 a 4500 001 000000175132 003 CaOOAMICUS 005 20220422124935.0 008 220422s2022 it m 000 u eng r 032 $aLibriCat 040 $aPUL$bita 100 0 $aOnyeabor, Kenneth Kelachukwu.$0(OLS)http://pul/name/112606 245 14$aThe acquisition of temporal goods in religious institutes and its administration : $ba juridical study in the light of Cann. 634, 636 /$cKenneth Kelachukwu Onyeabor. 260 $aRomae :$b[s.n.],$c2022. 300 $a300 p. ;$b$c24 cm 502 $aTesi di Dottorato. Pontificia Universitas Lateranensis. Facultas Iuris Canonici. Roma, 2022. 504 $aBibliografia: p. [273]-297 650 04$aBeni ecclesiastici.$0(OLS)http://pul/subject/1129 710 2 $aPontificia Università Lateranense.$bFacoltà di diritto canonico.$kTesi.$0(OLS)http://pul/name/81682 850 $aPUL 852 $aPUL$W1$xDP1 Tesi Pon Univ. Lateranense$y41$m2022 C 4$j199391$qTesi$B204101$CPULBib$Z2$F204101 $82 941 1 $a16 996 $6245$aThe acquisition of temporal goods in religious institutes and its administration : $ba juridical study in the light of Cann. 634, 636$9(OLS)http://pul/title/216545 996 $6260$aRomae :$b[s.n.]$9(OLS)http://pul/publisher/48223